| 000 | 00516 a2200157 4500 | ||
|---|---|---|---|
| 001 | ART_56557 | ||
| 005 | 20260410161635.0 | ||
| 008 | 260409a | ||
| 245 | 1 | 0 | _aCuestiones vinculadas con el análisis e interpretación de la información contable ajustada por inflación |
| 100 | 1 | _aRondi, Gustavo R. | |
| 700 | 1 | _aCasal, María del Carmen | |
| 700 | 1 | _aGalante, Marcelo J. | |
| 700 | 1 | _aGómez, Melisa | |
| 700 | 1 | _aGiai Levra, Valeria | |
| 773 | 0 |
_tEnfoques _g- N° 7 (jul. 2022) _wREV416 |
|
| 999 |
_c12767 _d12767 |
||